Mercantile Law / (Record no. 176)
[ view plain ]
| 000 -LEADER | |
|---|---|
| fixed length control field | 00603nam a2200193Ia 4500 |
| 008 - FIXED-LENGTH DATA ELEMENTS--GENERAL INFORMATION | |
| fixed length control field | 190805s9999||||xx |||||||||||||| ||und|| |
| 020 ## - INTERNATIONAL STANDARD BOOK NUMBER | |
| International Standard Book Number | 9788127257040 |
| Terms of availability | Rs. 395.00 |
| 082 04 - DEWEY DECIMAL CLASSIFICATION NUMBER | |
| Classification number | 346.5407 |
| Item number | M533 |
| 100 1# - MAIN ENTRY--PERSONAL NAME | |
| Personal name | Garg, K. C. |
| 245 10 - TITLE STATEMENT | |
| Title | Mercantile Law / |
| 250 ## - EDITION STATEMENT | |
| Edition statement | 15th rev. ed. |
| 260 ## - PUBLICATION, DISTRIBUTION, ETC. (IMPRINT) | |
| Place of publication, distribution, etc | New Delhi : |
| Name of publisher, distributor, etc | Kalyani Publishers, |
| Date of publication, distribution, etc | 2010, reprinted 2014 |
| 300 ## - PHYSICAL DESCRIPTION | |
| Extent | various pagination |
| Other physical details | : |
| Dimensions | ; 24 cm. |
| 650 #0 - SUBJECT ADDED ENTRY--TOPICAL TERM | |
| Topical term or geographic name as entry element | Commercial law |
| Form subdivision | Textbooks |
| 700 1# - ADDED ENTRY--PERSONAL NAME | |
| Personal name | Sareen, V. K. |
| 700 1# - ADDED ENTRY--PERSONAL NAME | |
| Personal name | Sharma, Mukesh |
| 852 ## - LOCATION/CALL NUMBER | |
| Location | |
| 942 ## - ADDED ENTRY ELEMENTS (KOHA) | |
| Item type | Books |
| Withdrawn status | Lost status | Damaged status | Not for loan | Collection code | Permanent location | Current location | Shelving location | Date acquired | Source of acquisition | Cost, normal purchase price | Total Checkouts | Total Renewals | Full call number | Barcode | Date last seen | Date last borrowed | Koha item type | Public note |
|---|---|---|---|---|---|---|---|---|---|---|---|---|---|---|---|---|---|---|
| Management Studies | IMU Kochi Library | IMU Kochi Library | General Stacks | 2017-06-01 | Sterling Book House | 395.00 | 3 | 1 | 346.5407 M533 | BK003455 | 2025-06-02 | 2025-05-15 | Books | Gen. Shelf-6, Row-5 | ||||
| Management Studies | IMU Kochi Library | IMU Kochi Library | General Stacks | 2017-06-01 | Sterling Book House | 395.00 | 4 | 1 | 346.5407 M533 | BK003456 | 2025-06-04 | 2025-05-09 | Books | Gen. Shelf-6, Row-5 | ||||
| Management Studies | IMU Kochi Library | IMU Kochi Library | General Stacks | 2017-06-01 | Sterling Book House | 395.00 | 4 | 346.5407 M533 | BK003457 | 2025-02-25 | 2025-02-25 | Books | Gen. Shelf-6, Row-5 | |||||
| Management Studies | IMU Kochi Library | IMU Kochi Library | General Stacks | 2017-06-01 | Sterling Book House | 395.00 | 5 | 346.5407 M533 | BK003458 | 2023-05-24 | 2023-05-11 | Books | Gen. Shelf-6, Row-5 | |||||
| Management Studies | IMU Kochi Library | IMU Kochi Library | General Stacks | 2017-06-01 | Sterling Book House | 395.00 | 3 | 346.5407 M533 | BK003454 | 2025-02-25 | 2023-05-11 | Books | Gen. Shelf-6, Row-5 |